000 00492nam a2200181Ia 4500
003 GCL
008 140319s9999 xx 000 0 eng d
040 _aGCL /
_cGCL
082 0 4 _a616.007.6
_bS H
100 1 _aSEVER, PETERS
245 1 0 _a100 CASE HISTORIES FOR THE MRCP /
_cSEVER, PETERS
700 1 _aKADDOURA, SAMER
260 _a[S.N] :
_bCHURCHILL LIVINGSTONE ،
_c1994
300 _a203\P
650 0 4 _aMEDICINE - CASE STUDIES
650 0 4 _aMEDICAL EXAMINATIONS
942 _2ddc
_cBK
999 _c20947
_d20947